| 000 | 00562nam a2200181Ia 4500 | ||
|---|---|---|---|
| 003 | OSt | ||
| 005 | 20250813154556.0 | ||
| 008 | 210210b1956 xxu||||| |||| 00| 0 eng d | ||
| 040 | _cAL | ||
| 041 | _akan | ||
| 082 | _a852/642 | ||
| 100 |
_aHARTALAR ARTHAR (E) _9160184 _dಹರ್ಟಸ್ಲರ್ ಅರ್ಥರ್ (ಇ) |
||
| 245 |
_aVaidyana vaijayanti: dhanvanta: _bವೈದ್ಯನ ವೈಜಯಂತಿ ಧನ್ವಂತ |
||
| 260 |
_aBengaluru _bH N Rao Brothers _c1956 |
||
| 690 |
_aKannada Prose _9160185 |
||
| 906 | _a019208 | ||
| 942 |
_2ddc _cBK |
||
| 999 |
_c143330 _d143330 |
||